Women and gender : a feminist psychology
Saved in:
| Main Author: | |
|---|---|
| Other Authors: | |
| Format: | Book |
| Language: | English |
| Published: |
United States :
Academic Internet Publishers,
[c2007]
|
| Edition: | 4η εκδ. |
| Subjects: | |
| Tags: |
Add Tag
No Tags, Be the first to tag this record!
|
MARC
| LEADER | 00000nam a2200000 i 4500 | ||
|---|---|---|---|
| 001 | 1/39233 | ||
| 008 | 061212s2007 eng d | ||
| 020 | |a 1428800158 | ||
| 035 | |l 10086537 | ||
| 040 | |a GR-MY-UA |b gre |e aacr | ||
| 041 | 0 | |a eng | |
| 082 | 0 | |a 305.42 |2 (22) | |
| 100 | 1 | |a Crawford, Mary |q (Mary E.) | |
| 245 | 1 | 0 | |a Women and gender : |b a feminist psychology / |c Crawford, Unger |
| 250 | |a 4η εκδ. | ||
| 260 | |a United States : |b Academic Internet Publishers, |c [c2007] | ||
| 300 | |a 145 σ.; |c 28 εκ. | ||
| 650 | 0 | 0 | |a Women |x Psychology. |
| 650 | 0 | 0 | |a Feminist psychology. |
| 700 | 1 | |a Unger, Rhoda Kesler. | |
| 852 | |a INST |b RHODES |e 20061212 |h 305.42 CRA |p 005400023787 |q 005400023787 |t BK |y 0 | ||
| 901 | |a BIBL4-2006-3 | ||
| 909 | |a Ρ |b 127333 | ||
| 920 | |a ΚΕΝΤΡΙΚΗ ΔΡΑΣΗ ΦΥΛΟΥ |b ΕΠΕΑΕΚ ΙΙ-ΤΕΠΑΕΣ |y ΡΟΔΟΣ |z 2006-11 | ||
| 970 | |a ΜΙΣΣΟΣ |b ΣΤΑΥΡΟΣ |z 2006/12/12 | ||